• 首页
  • 本馆介绍
  • 公告通知
  • 最新文献
  • 馆藏检索
  • 电子资源
  • 读者导购
  • 参考咨询
  • 我的图书馆
  • 登录
  • 详细信息显示
  • 放入我的书架
  • 预约/预借图书
  • 作者相关作品
  • 分类相关作品
  • 丛书相关作品
  • 出版社相关作品

书目信息

  • 表格格式
  • 工作单格式
  • 卡片格式
题名:
鬼谷子详析
    
 
作者: 敖奉君 编著
分册:  
出版信息: 长春   吉林文史出版社  2019.06
页数: 308页
开本: 24cm
丛书名:
单 册:
中图分类: B228.04
科图分类:
主题词: 纵横家--zong heng jia
电子资源:
ISBN: 978-7-5472-6205-4
000 01058nam0 2200241 450
001 CAL 0120192926932
005 20230217093111.0
010    @a978-7-5472-6205-4@dCNY59.00
100    @a20200109d2019 em y0chiy0120 ea
101 0  @achi
102    @aCN@b220000
105    @ay z 000yy
106    @ar
200 1  @a鬼谷子详析@Agui gu zi xiang xi@f敖奉君编著
210    @a长春@c吉林文史出版社@d2019.06
215    @a308页@d24cm
330    @a本书分为《捭阖》《反应》《内揵》《抵巇》《飞箝》《忤合》《揣》七篇。前面四篇以权谋策略为主, 后面三篇以言辩游说为重点。本书对原作做了精当而晓畅的注释与翻译, 每篇皆附有提要以解析、导读, 并精选了古今中外颇具代表性的案例, 涵盖管理、商场、职场、处世等各个领域, 逐篇阐释、解读, 用精彩纷呈的故事呈现出鬼谷子的智慧谋略。高深精妙的权谋策略与处世智慧更是展露无遗, 不仅妙趣横生, 更能给读者以启发, 让读者有所收获。
605    @a鬼谷子@Agui gu zi@x译文
606 0  @a纵横家@Azong heng jia
690    @aB228.04@v5
701  0 @a敖奉君@Aao feng jun@4编著
801  0 @aCN@bBJXHZP@c20230228
905    @b1388128-32@dB228.04@e1070@f5
    
    鬼谷子详析/敖奉君编著.-长春:吉林文史出版社,2019.06
    308页;24cm
    
    
    ISBN 978-7-5472-6205-4:CNY59.00
    本书分为《捭阖》《反应》《内揵》《抵巇》《飞箝》《忤合》《揣》七篇。前面四篇以权谋策略为主, 后面三篇以言辩游说为重点。本书对原作做了精当而晓畅的注释与翻译, 每篇皆附有提要以解析、导读, 并精选了古今中外颇具代表性的案例, 涵盖管理、商场、职场、处世等各个领域, 逐篇阐释、解读, 用精彩纷呈的故事呈现出鬼谷子的智慧谋略。高深精妙的权谋策略与处世智慧更是展露无遗, 不仅妙趣横生, 更能给读者以启发, 让读者有所收获。
●
相关链接 在E读中查询图书 在五车中查询图书 在当当中查询图书 在豆瓣中查询图书


正题名:鬼谷子详析     索取号:B228.04/1070         预约/预借

序号 登录号 条形码 馆藏地/架位号 状态 备注
1 1388128   213881281   第一样本阅览室/ [索取号:B228.04/1070] 在馆    
2 1388129   213881290   第一借阅区/ [索取号:B228.04/1070] 在馆    
3 1388130   213881307   第一借阅区/ [索取号:B228.04/1070] 在馆    
4 1388131   213881316   第一借阅区/ [索取号:B228.04/1070] 在馆    
5 1388132   213881325   第一借阅区/ [索取号:B228.04/1070] 在馆    
唐山师范学院图书馆 欢迎您!
大连网信软件有限公司© 版权所有